Manual para el examen psicológico del niño / (Record no. 19216)

000 -CABECERA
fixed length control field 00856nam a22002177a 4500
003 - IDENTIFICADOR DEL NÚMERO DE CONTROL
control field AR-CdUCM
008 - DATOS DE LONGITUD FIJA--INFORMACIÓN GENERAL
fixed length control field 190516b ||||| |||| 00| 0 spa d
040 ## - FUENTE DE LA CATALOGACIÓN
Agencia/entidad que catalogó originalmente la obra MUNICIPALIDAD PROVINCIAL DEL CUSCO
Entidad que transcribió la catalogación BIBLIOTECA MUNICIPAL DEL CUSCO
082 ## - NÚMERO DE LA CLASIFICACIÓN DECIMAL DEWEY
No. de Clasificación 372.11 /
Notacion interna Z53
100 ## - ENTRADA PRINCIPAL--NOMBRE DE PERSONA
Nombre Personal Zazza, Rene
245 ## - MENCIÓN DE TÍTULO
Título Manual para el examen psicológico del niño /
260 ## - PUBLICACIÓN, DISTRIBUCIÓN, ETC.
Lugar de publicación, distribución, etc. Buenos Aires :
Nombre de la editorial, distribuidor, etc. Kapelusz,
Fecha de publicación, distribución, etc. 1963.
300 ## - DESCRIPCIÓN FÍSICA
Nº de Páginas Extensión 479 paginas ;
Otros detalles físicos Ilustraciones,
Dimensiones 21 cm.
505 ## - NOTA DE CONTENIDO CON FORMATO
Nota de contenido formateada Contenido : Genesis y formulas de la lateralidad -- Tres pruebas de sincinesias -- Organización temporal y espacial -- Pruebas perceptivas...
650 ## - PUNTO DE ACCESO ADICIONAL DE MATERIA--TÉRMINO DE MATERIA
Descriptor Examen psicológico
9 (RLIN) 40426
650 ## - PUNTO DE ACCESO ADICIONAL DE MATERIA--TÉRMINO DE MATERIA
Descriptor Cualidades de medición
9 (RLIN) 40427
650 ## - PUNTO DE ACCESO ADICIONAL DE MATERIA--TÉRMINO DE MATERIA
Descriptor Cualidades clínicas
9 (RLIN) 40428
700 ## - PUNTO DE ACCESO ADICIONAL--NOMBRE DE PERSONA
Nombre Personal Thomas, Juan Jorge (Traducción)
9 (RLIN) 35799
942 ## - ELEMENTOS DE PUNTO DE ACCESO ADICIONAL (KOHA)
Fuente de clasificación
Tipo de item Libros-BMC
945 ## - PROCESAMIENTO DE INFORMACIÓN LOCAL (OCLC)
Catalogador wnts
AAAA-MM-DD - Fecha de ingreso o modificacion 2019-05-16
Holdings
Estado de retiro (separado) Fuente de clasificación o esquema de estanterías Estado dañado Ubicación Sala donde se ubica Nombre de la colección Fecha de adquisición o compra Costo, precio normal en soles Signatura topográfica Código de Barras Última vez visto (Koha) Tipo de ítem (Koha)
No     Sala Humanidades Sala Humanidades Book Cart 2019-05-16 55.00 372.11 / Z53 SH0000013425 2019-05-16 Libros-BMC

Powered by Koha